00223nam a2200097Ia 4500008004100000100001400041245001900055250000800074260003200082300001100114191201s2013 xx 000 0 und d aAULAKH,GS 0aMachine Design a3rd c2013bEagle Pub.aNew Delhi a320+71